| 000 | 00497nam a2200181Ia 4500 | ||
|---|---|---|---|
| 005 | 20250326143308.0 | ||
| 008 | 250326s9999 xx 000 0 und d | ||
| 037 | _aTextbook | ||
| 040 |
_aFMSL _beng _cFMSL |
||
| 041 |
_aeng _2eng |
||
| 084 |
_aY48 P4 _qFMSL |
||
| 100 |
_aSectretan L _9747779 |
||
| 245 | 0 |
_aInspire! what great leaders do _cSectretan L |
|
| 260 |
_aNew Jersey _bNew Jersey, John Wiley _c2004 |
||
| 300 | _a234p | ||
| 942 |
_cTB _hY48 P4 |
||
| 999 |
_c1298959 _d1298959 |
||